000 00640nam a22002537a 4500
003 UA-OsUOA
001 22114
007 ta
008 20031217b un ||||| |||| 00| 0 ukr d
100 _aФедотова В.Г.
090 _a130.122
_bФ34
942 _cBK
040 _aUA-OsUOA
_brus
_cUA-OsUOA
_dUA-OsUOA
245 _aПрактическое и духовное освоение действительности
300 _a136 с.
955 _a0
041 _arus
080 _a130.122
020 _a5-02-008042-Х
260 _aМосква
_bНаука
_c1992
044 _aRU
650 7 _2UDC
999 _c308328
_d308328